00992nam a2200253 a 450000100060000000300080000600500170001400800410003103500190007204000270009104100080011808200260012610000430015224501170019525000120031226000780032430000340040250000200043660000600045665100350051694200120055199900170056395201580058065458BD-RjUL20211209081428.0170306r19851977ii abf b 001 0 eng  a(BD-RjUL)65588 aDLCcDLCdBD-RjULbeng aeng00a953.804223bIQE 19851 aIqbal, Sheikh Mohammad,d1928-919371810aEmergence of Saudi Arabia :ba political study of King Abd al-Aziz ibn Saud, 1901-1953 /cSheikh Mohammad Iqbal. a1st ed. aDelhi :bavailable at Idarah-i Adabiyat-i Delli,c1977 [ reprinted 1985]. axix, 276 p. :bill. ;c22 cm. aIncludes index.00aIbn Saʻūd,cKing of Saudi Arabia,d1880-19539193803 0aSaudi ArabiaxHistory.9190762 2ddccBK c65458d65458 00102ddc40718NFICaRUCLbRUCLcReadingd1997-06-24eDhaka provincial book dept.g60.00l0o953.804 IQE 1985r2017-03-06 00:00:00tC-1w2021-12-09yBK